Every UK No.1 Artist of 2014 - Statistics

General Stats
  • This quiz has been taken 43 times
  • The average score is 15 of 37
Answer Stats
First No. One Artist % Correct
Money On My Mind Sam Smith
77%
Stay With Me Sam Smith
77%
Timber Pitbull/Ke$ha
74%
Bang Bang Jessie J/Ariana Grande/Nicki Minaj
71%
Sing Ed Sheeran
68%
Thinking Out Loud Ed Sheeran
68%
It's My Birthday Will.i.am/Cody Wise
68%
Uptown Funk Mark Ronson/Bruno Mars
65%
Problem Ariana Grande/Iggy Azalea
61%
Rather Be Clean Bandit/Jess Glynne
61%
Summer Calvin Harris
55%
Blame Calvin Harris/John Newman
55%
Rude Magic!
52%
All About That Bass Meghan Trainor
48%
Crazy Stupid Love Cheryl Cole/Tinie Tempah
45%
I Don't Care Cheryl Cole
42%
Happy Pharell Williams
42%
Ghost Ella Henderson
39%
I Will Never Let You Down Rita Ora
35%
Me And My Broken Heart Rixton
35%
She Looks So Perfect 5 Seconds of Summer
32%
Changing Sigma/Paloma Faith
32%
Hideaway Kiesza
29%
Do They Know It's Christmas Band Aid 30
26%
Lovers On The Sun David Guetta/Sam Martin
26%
The Man Aloe Blacc
23%
Prayer In C Lilly Wood/Robin Schulz
23%
Waves Mr Probz
23%
Am I Wrong Nico & Vinz
23%
Nobody To Love Sigma
23%
My Love Route 94/Jess Glynne
19%
Gecko(Overdrive) Oliver Heldens/Becky Hill
16%
These Days Take That
16%
Tsunami(Jump) DVBBS/Borgeous/Tinie Tempah
13%
I Got U Duke Dumont/Jax Jones
10%
Wake Me Up Gareth Malone's All Stars
3%
I Wanna Feel Secondcity
3%
No matching quizzes found
Score Distribution
Percent of People with Each Score
Percentile by Number Answered
Your Score History
You have not taken this quiz